000 00591nam a2200205 a 4500
005 20140310183557.0
008 111118s19uu xx 00 eng d
020 _a97818561472277
050 _aZ 680.5
_b.G75 2010
100 _aGriffey, Jason
245 _aMobile technology and libraries 2 /
_cJason Griffey.
260 _aLondon :
_bFacet Publishing,
_c2010.
300 _a115 p. :
_bill. ;
_c23. ;
440 _aThe Tech Set
521 _aIT
650 _aMobile communication system
_xLibrary application
650 _aPocket computers
942 _cBK
_2lcc
_kFOR
999 _c25047
_d25047